[Event "Post SV Uelzen-Hamburger SK"]
[Site "Greifswald"]
[Date "2017.09.09"]
[Round "5.1"]
[White "Holinka, Henning"]
[Black "von Estorff, Jacob"]
[Result "1/2-1/2"]
[WhiteElo "2026"]
[BlackElo "1886"]
[PlyCount "49"]
[EventDate "2017.??.??"]
[WhiteTeam "Hamburger SK"]
[BlackTeam "Post SV Uelzen"]

1. e4 c5 2. Nf3 Nc6 3. d4 cxd4 4. Nxd4 g6 5. c4 Bg7 6. Be3 Nf6 7. Nc3 O-O 8.
Be2 b6 9. O-O Bb7 10. f3 e6 11. Ndb5 d5 12. cxd5 exd5 13. exd5 Nb4 14. d6 Nfd5
15. Nxd5 Nxd5 16. Bd4 Qg5 17. Rf2 Nf4 18. Bxg7 Kxg7 19. Nc7 Nh3+ 20. Kf1 Nxf2
21. Qd4+ Qf6 22. Qxf6+ Kxf6 23. Nxa8 Rxa8 24. Kxf2 Bd5 25. d7 1/2-1/2

[Event "Post SV Uelzen-Hamburger SK"]
[Site "Greifswald"]
[Date "2017.09.09"]
[Round "5.2"]
[White "Knüdel, Torben"]
[Black "Engel, Robert"]
[Result "0-1"]
[WhiteElo "1837"]
[BlackElo "2001"]
[PlyCount "52"]
[EventDate "2017.??.??"]
[WhiteTeam "Post SV Uelzen"]
[BlackTeam "Hamburger SK"]

1. e4 c5 2. Nf3 d6 3. Bb5+ Nd7 4. c4 a6 5. Bxd7+ Bxd7 6. d4 cxd4 7. Nxd4 Nf6 8.
Nc3 Rc8 9. Qd3 Qc7 10. b3 b5 11. Ncxb5 axb5 12. Nxb5 Bxb5 13. cxb5 Nxe4 14. Bd2
Nxd2 15. Qxd2 Qb7 16. Rc1 Rxc1+ 17. Qxc1 Kd7 18. a4 e6 19. Qc4 Be7 20. a5 Rc8
21. a6 Qxg2 22. Qa4 Qxh1+ 23. Ke2 Qd5 24. b6+ Qc6 25. b7 Qxa4 26. bxa4 Kc7 0-1

[Event "Post SV Uelzen-Hamburger SK"]
[Site "Greifswald"]
[Date "2017.09.09"]
[Round "5.3"]
[White "Foo, Tzun Hong"]
[Black "Askerov, Imamali"]
[Result "1-0"]
[WhiteElo "1796"]
[BlackElo "1810"]
[PlyCount "55"]
[EventDate "2017.??.??"]
[WhiteTeam "Hamburger SK"]
[BlackTeam "Post SV Uelzen"]

1. e4 c5 2. Nf3 e6 3. g3 Nc6 4. Bg2 Qc7 5. O-O Nf6 6. Qe2 d6 7. c3 e5 8. d3 Be7
9. Na3 a6 10. Nc2 O-O 11. d4 cxd4 12. cxd4 exd4 13. Ncxd4 Bg4 14. Nxc6 Qxc6 15.
h3 Bh5 16. Re1 Qd7 17. Bf4 Rfe8 18. Qd3 Bf8 19. e5 Bg6 20. Qb3 Ne4 21. Rad1 Qc7
22. Qd5 Red8 23. Rc1 Qb6 24. Rxe4 Bxe4 25. Qxe4 dxe5 26. Nxe5 Qxb2 27. Qc4 Re8
28. Nxf7 1-0

[Event "Post SV Uelzen-Hamburger SK"]
[Site "Greifswald"]
[Date "2017.09.09"]
[Round "5.4"]
[White "Rothenberg, Jannik"]
[Black "Wolfram, Tom"]
[Result "1/2-1/2"]
[WhiteElo "1783"]
[BlackElo "1788"]
[PlyCount "78"]
[EventDate "2017.??.??"]
[WhiteTeam "Post SV Uelzen"]
[BlackTeam "Hamburger SK"]

1. d4 Nf6 2. c4 c5 3. d5 b5 4. cxb5 a6 5. e3 g6 6. Nc3 Bg7 7. d6 O-O 8. bxa6
Bxa6 9. Bxa6 Rxa6 10. dxe7 Qxe7 11. Nge2 Rd8 12. Nd5 Nxd5 13. Qxd5 Nc6 14. O-O
Nb4 15. Qb3 Qe6 16. Bd2 Rda8 17. Qxe6 dxe6 18. Rab1 Nxa2 19. Nc3 Nb4 20. Ne4
Nd3 21. Bc3 Bxc3 22. Nxc3 Rb8 23. Rfd1 Nxb2 24. g3 Rab6 25. Rd7 Rb3 26. Ne4 c4
27. Nd2 R3b4 28. Rc7 Rd8 29. Nf3 Rd1+ 30. Rxd1 Nxd1 31. Ne5 c3 32. Nxf7 Rb1 33.
Kg2 Rb2 34. Nh6+ Kh8 35. Nf7+ Kg7 36. Ng5+ Kh6 37. h4 Kh5 38. Ne4 Kh6 39. Ng5
Kh5 1/2-1/2

[Event "AE Magdeburg-Mattnetz Berlin"]
[Site "Greifswald"]
[Date "2017.09.09"]
[Round "5.1"]
[White "Verbitsky, Jaroslaw"]
[Black "Roseneck, Jonas"]
[Result "0-1"]
[WhiteElo "1828"]
[BlackElo "2134"]
[PlyCount "76"]
[EventDate "2017.??.??"]
[WhiteTeam "Mattnetz Berlin"]
[BlackTeam "AE Magdeburg"]

1. e4 c5 2. Nf3 d6 3. d4 cxd4 4. Nxd4 Nf6 5. Nc3 a6 6. Be3 e6 7. Be2 Nbd7 8.
O-O b5 9. a4 b4 10. Na2 Nxe4 11. Nc6 Qc7 12. Ncxb4 Bb7 13. f3 Nef6 14. c3 d5
15. Nc2 Bd6 16. f4 O-O 17. b4 e5 18. g3 Ne4 19. Qe1 Rac8 20. b5 axb5 21. Bxb5
Ndf6 22. Qe2 exf4 23. gxf4 Nxc3 24. Nxc3 Qxc3 25. Rfc1 Qa5 26. Nd4 Ne4 27. Nb3
Qd8 28. a5 Qf6 29. a6 Ba8 30. Qg4 Rxc1+ 31. Rxc1 h5 32. Qxh5 Bxf4 33. Bd4 Qe6
34. Rf1 Ng5 35. Qh4 Be3+ 36. Kg2 Qg6 37. Kh1 Nf3 38. Rxf3 Qg1# 0-1

[Event "AE Magdeburg-Mattnetz Berlin"]
[Site "Greifswald"]
[Date "2017.09.09"]
[Round "5.2"]
[White "Wagner, Benjamin"]
[Black "Petersen, Marcel"]
[Result "1-0"]
[WhiteElo "1988"]
[BlackElo "1608"]
[PlyCount "59"]
[EventDate "2017.??.??"]
[WhiteTeam "AE Magdeburg"]
[BlackTeam "Mattnetz Berlin"]

1. e4 e5 2. Nf3 Nc6 3. Bc4 Bc5 4. c3 d6 5. d4 exd4 6. cxd4 Bb6 7. Nc3 Bg4 8.
Be3 h6 9. Qd3 Bxf3 10. gxf3 Nb4 11. Bxf7+ Kf8 12. Qe2 Kxf7 13. Qc4+ d5 14. Qxb4
c6 15. Qb3 Ne7 16. O-O-O Rc8 17. Kb1 Qd6 18. f4 Rhg8 19. Rhg1 g6 20. Rg3 Rg7
21. Rdg1 Rcg8 22. Na4 Qc7 23. h4 Kf8 24. f5 Kf7 25. Bxh6 Rh7 26. fxg6+ Rxg6 27.
Qf3+ Rf6 28. Rg7+ Rxg7 29. Rxg7+ Ke6 30. Qg4+ 1-0

[Event "AE Magdeburg-Mattnetz Berlin"]
[Site "Greifswald"]
[Date "2017.09.09"]
[Round "5.3"]
[White "Stockter, Jasper Enno"]
[Black "Hoffmann, Lennard"]
[Result "1-0"]
[WhiteElo "1576"]
[BlackElo "1957"]
[PlyCount "133"]
[EventDate "2017.??.??"]
[WhiteTeam "Mattnetz Berlin"]
[BlackTeam "AE Magdeburg"]

1. e4 c5 2. Nf3 d6 3. d4 cxd4 4. Qxd4 a6 5. c4 Nc6 6. Qd2 Nf6 7. Nc3 g6 8. b3
Bg7 9. Bb2 O-O 10. h3 Bd7 11. Be2 Qa5 12. Rb1 b5 13. cxb5 axb5 14. Bxb5 Nxe4
15. Nxe4 Qxb5 16. Bxg7 Kxg7 17. Nc3 Qa6 18. Nd4 Ne5 19. Qe2 Rfc8 20. Qxa6 Rxa6
21. Kd2 Nc6 22. Nxc6 Bxc6 23. f3 d5 24. a4 f5 25. Rhc1 Rb8 26. Re1 Kf6 27. Ne2
Rab6 28. Kc2 Rb4 29. Rec1 d4 30. Kd3 Bb7 31. Nxd4 Rd8 32. Rc4 Ba6 33. Kc3 Rxc4+
34. bxc4 Kf7 35. Rb6 Ra8 36. Kb4 e5 37. Nb5 e4 38. fxe4 fxe4 39. Nd6+ Kg7 40.
Nxe4 Bxc4 41. Kxc4 Rxa4+ 42. Rb4 Ra2 43. g3 h5 44. h4 Kf7 45. Kd5 Ra5+ 46. Nc5
g5 47. Rb6 Ra3 48. Rb3 Ra5 49. Rb6 Ra3 50. hxg5 Rxg3 51. Ne4 Rh3 52. Rh6 Rh1
53. Ke5 h4 54. Kf4 h3 55. Kg3 Rg1+ 56. Kh2 Rg4 57. Nd6+ Kg8 58. Rh5 Rd4 59. Nf5
Rf4 60. g6 Rf1 61. Kxh3 Rg1 62. Kh4 Ra1 63. Kg5 Ra6 64. Kh6 Ra7 65. Rh4 Rh7+
66. gxh7+ Kh8 67. Kh5 1-0

[Event "AE Magdeburg-Mattnetz Berlin"]
[Site "Greifswald"]
[Date "2017.09.09"]
[Round "5.4"]
[White "Delgado, Robin"]
[Black "Karge, Ole Jannes"]
[Result "1-0"]
[WhiteElo "1685"]
[BlackElo "1349"]
[PlyCount "63"]
[EventDate "2017.??.??"]
[WhiteTeam "AE Magdeburg"]
[BlackTeam "Mattnetz Berlin"]

1. e4 c5 2. Nf3 d6 3. d4 cxd4 4. Nxd4 Nf6 5. Nc3 e6 6. Be2 Be7 7. O-O O-O 8.
Be3 a6 9. f4 Qc7 10. Qd2 Nbd7 11. Bf3 Rd8 12. g4 e5 13. Nb3 exf4 14. Bxf4 Ne5
15. g5 Nxf3+ 16. Rxf3 Ne8 17. Nd5 Qd7 18. Nb6 Qc6 19. Nxa8 b5 20. Qd5 Qd7 21.
Bg3 Qe6 22. Nb6 Nc7 23. Qxe6 Nxe6 24. Nxc8 Rxc8 25. c3 Nxg5 26. Re3 Ne6 27. Rd1
Rd8 28. Kg2 Bg5 29. Red3 Bf4 30. Nd4 Be5 31. Nxe6 fxe6 32. Bxe5 1-0

[Event "Delmenhorster SK-SK Lehrte"]
[Site "Greifswald"]
[Date "2017.09.09"]
[Round "5.1"]
[White "Stelmaszyk, Nico"]
[Black "Silber, Kevin"]
[Result "1/2-1/2"]
[WhiteElo "1912"]
[BlackElo "1993"]
[PlyCount "67"]
[EventDate "2017.??.??"]
[WhiteTeam "SK Lehrte"]
[BlackTeam "Delmenhorster SK"]

1. e4 e5 2. Bc4 Nf6 3. d4 Nc6 4. Nf3 exd4 5. O-O d6 6. Nxd4 Ne5 7. Nd2 Nxc4 8.
Nxc4 Be7 9. Re1 O-O 10. Ne3 Re8 11. Qf3 Bf8 12. Nef5 c5 13. Bg5 cxd4 14. Nh6+
gxh6 15. Bxf6 Qd7 16. h3 Re5 17. Qg3+ Rg5 18. Bxg5 hxg5 19. Qxg5+ Bg7 20. Rad1
h6 21. Qg3 Kh7 22. f4 Qb5 23. b3 Bd7 24. a4 Qc5 25. Qd3 Kh8 26. Rf1 Rc8 27. Rf2
Qc3 28. e5 Qxd3 29. Rxd3 dxe5 30. fxe5 Be6 31. Rxd4 Bxe5 32. Re4 Bg7 33. Rd2
Bf6 34. Kh2 1/2-1/2

[Event "Delmenhorster SK-SK Lehrte"]
[Site "Greifswald"]
[Date "2017.09.09"]
[Round "5.2"]
[White "Steffens, Oliver"]
[Black "Meiwes, Thore"]
[Result "1/2-1/2"]
[WhiteElo "1985"]
[BlackElo "1687"]
[PlyCount "62"]
[EventDate "2017.??.??"]
[WhiteTeam "Delmenhorster SK"]
[BlackTeam "SK Lehrte"]

1. e4 e6 2. d4 d5 3. Nd2 Nc6 4. Ngf3 Nf6 5. Bd3 Nb4 6. Qe2 Nxd3+ 7. Qxd3 Be7 8.
O-O O-O 9. Re1 b6 10. a4 a5 11. b3 Ba6 12. c4 h6 13. Ba3 Bxa3 14. Rxa3 dxe4 15.
Nxe4 Bb7 16. Ned2 Qd6 17. Raa1 Rfd8 18. Qc3 c5 19. dxc5 Qxc5 20. h3 Rac8 21.
Re5 Qc7 22. Ree1 Rd6 23. Ne5 Nd5 24. Qg3 Nb4 25. Ne4 Bxe4 26. Rxe4 Rcd8 27. Rg4
f6 28. Ng6 Rd1+ 29. Rxd1 Rxd1+ 30. Kh2 Qxg3+ 31. Rxg3 Nc6 1/2-1/2

[Event "Delmenhorster SK-SK Lehrte"]
[Site "Greifswald"]
[Date "2017.09.09"]
[Round "5.3"]
[White "Reimer, Philip"]
[Black "Petri, Ben-Luca"]
[Result "0-1"]
[WhiteElo "1506"]
[BlackElo "1779"]
[PlyCount "72"]
[EventDate "2017.??.??"]
[WhiteTeam "SK Lehrte"]
[BlackTeam "Delmenhorster SK"]

1. e4 e5 2. Nf3 Nc6 3. Bc4 Bc5 4. b4 Bxb4 5. c3 Be7 6. d4 d6 7. Qb3 Na5 8.
Bxf7+ Kf8 9. Qa4 Kxf7 10. Qxa5 exd4 11. cxd4 c6 12. Qc3 Nf6 13. Ng5+ Kf8 14. e5
dxe5 15. dxe5 Bg4 16. O-O Nd5 17. Qg3 Bxg5 18. f4 Qb6+ 19. Rf2 Be7 20. Qxg4 Bc5
21. Ba3 Nb4 22. Bxb4 Qxb4 23. Qe2 Qd4 24. Nc3 Qxc3 25. Rd1 Qe3 26. Kh1 Qxf2 27.
Qe4 Ke7 28. f5 Rhd8 29. Rc1 Rd2 30. Rb1 Bb6 31. f6+ Kf8 32. fxg7+ Kxg7 33. Qg4+
Kh8 34. e6 Rf8 35. h3 Bc7 36. Qf3 Rxf3 0-1

[Event "Delmenhorster SK-SK Lehrte"]
[Site "Greifswald"]
[Date "2017.09.09"]
[Round "5.4"]
[White "Sinnhöfer, Jonas"]
[Black "Schieble, Johannes"]
[Result "1-0"]
[WhiteElo "1870"]
[BlackElo "1379"]
[PlyCount "89"]
[EventDate "2017.??.??"]
[WhiteTeam "Delmenhorster SK"]
[BlackTeam "SK Lehrte"]

1. e4 e5 2. Nf3 Nc6 3. Bb5 a6 4. Bxc6 dxc6 5. O-O Bg4 6. h3 Bh5 7. g4 Bg6 8.
Nxe5 Bd6 9. Nc4 h5 10. d3 Qh4 11. Kg2 Nf6 12. g5 Bxe4+ 13. dxe4 Qxe4+ 14. Qf3
Qxf3+ 15. Kxf3 Nd5 16. Nxd6+ cxd6 17. Bd2 Kd7 18. a3 Rae8 19. Nc3 Ne7 20. Ne4
Nf5 21. Ng3 Nd4+ 22. Kg2 Nxc2 23. Rac1 Nd4 24. Bc3 Ne6 25. h4 d5 26. Nf5 Rhg8
27. Rfe1 g6 28. Nd4 c5 29. Nxe6 Rxe6 30. Rxe6 fxe6 31. Ba5 Kc6 32. Bd2 e5 33.
Re1 Re8 34. Re3 e4 35. f3 exf3+ 36. Kxf3 Rxe3+ 37. Kxe3 Kd6 38. Ba5 Ke5 39. b4
Kf5 40. bxc5 Ke5 41. Bc7+ Ke6 42. Kd4 Kd7 43. Bb6 Ke6 44. Ba5 Kd7 45. Kxd5 1-0

[Event "Stader SV-Makkabi Rostock"]
[Site "Greifswald"]
[Date "2017.09.09"]
[Round "5.1"]
[White "Schamber, Dennis"]
[Black "Bargsten, Justus"]
[Result "1/2-1/2"]
[WhiteElo "1696"]
[BlackElo "1890"]
[PlyCount "96"]
[EventDate "2017.??.??"]
[WhiteTeam "Makkabi Rostock"]
[BlackTeam "Stader SV"]

1. d4 Nf6 2. c4 e6 3. Nf3 d5 4. Nc3 dxc4 5. e3 a6 6. a4 Bb4 7. Bxc4 Nbd7 8. O-O
O-O 9. Na2 Bd6 10. Bd2 e5 11. dxe5 Nxe5 12. Nxe5 Bxe5 13. h3 Ne4 14. Bc3 Nxc3
15. Nxc3 Qh4 16. f4 Bxc3 17. bxc3 Qe7 18. Qf3 Re8 19. Rfe1 Qc5 20. Qd5 Qxd5 21.
Bxd5 c6 22. Bf3 a5 23. Rab1 Rb8 24. Bxc6 Re6 25. Red1 g6 26. Rd8+ Kg7 27. Bd7
Bxd7 28. Rxb8 Bc6 29. Kf2 Re4 30. Ra1 Rc4 31. Ra3 h5 32. h4 Kf6 33. Ra8 Rc5 34.
g3 Kf5 35. Rc8 Ke4 36. Rb3 Rd5 37. Rc7 Rd2+ 38. Ke1 Ra2 39. Rxf7 Kf3 40. Rf6
Ra1+ 41. Kd2 Bxa4 42. Rfb6 Bxb3 43. Rxb3 a4 44. Rxb7 Kxg3 45. Rb6 a3 46. Rxg6+
Kxh4 47. Kc2 a2 48. Kb2 Rc1 1/2-1/2

[Event "Stader SV-Makkabi Rostock"]
[Site "Greifswald"]
[Date "2017.09.09"]
[Round "5.2"]
[White "Hammann, Moritz"]
[Black "Petrow, Jonas"]
[Result "1-0"]
[WhiteElo "1708"]
[BlackElo "1647"]
[PlyCount "103"]
[EventDate "2017.??.??"]
[WhiteTeam "Stader SV"]
[BlackTeam "Makkabi Rostock"]

1. e4 c5 2. Nf3 e6 3. b3 Nc6 4. Bb2 d5 5. exd5 exd5 6. d4 Nf6 7. Be2 Be6 8. O-O
Ne4 9. Nbd2 Be7 10. Nxe4 dxe4 11. Nd2 Nxd4 12. Nxe4 Nxe2+ 13. Qxe2 O-O 14. Rad1
Qc7 15. c4 Rad8 16. Nc3 Rfe8 17. Qf3 Bf6 18. Nb5 Qc6 19. Qxc6 bxc6 20. Rxd8
Rxd8 21. Bxf6 gxf6 22. Nc3 Rd2 23. Rd1 Rc2 24. Ne4 Rxa2 25. Nxc5 Rb2 26. Kf1
Kf8 27. Ke1 Ke7 28. Rd2 Rxd2 29. Kxd2 Kd6 30. Ne4+ Ke5 31. Ke3 Bf5 32. f4+ Ke6
33. Nc5+ Kd6 34. Kd4 Bc2 35. b4 Bf5 36. Ne4+ Bxe4 37. Kxe4 Ke6 38. f5+ Ke7 39.
c5 a6 40. Kf4 Kf8 41. Kg4 Kg7 42. Kh5 Kg8 43. Kh6 Kh8 44. g4 Kg8 45. h3 Kh8 46.
h4 Kg8 47. g5 fxg5 48. hxg5 Kh8 49. g6 Kg8 50. gxh7+ Kh8 51. Kg5 Kg7 52. h8=Q+
1-0

[Event "Stader SV-Makkabi Rostock"]
[Site "Greifswald"]
[Date "2017.09.09"]
[Round "5.3"]
[White "Elsken Sicard, Fabian"]
[Black "Kowalski, Ben Wito"]
[Result "0-1"]
[WhiteElo "1326"]
[BlackElo "1602"]
[PlyCount "70"]
[EventDate "2017.??.??"]
[WhiteTeam "Makkabi Rostock"]
[BlackTeam "Stader SV"]

1. d4 b5 2. e3 a6 3. Nf3 Bb7 4. a3 e6 5. Nc3 Nf6 6. Bd3 c5 7. dxc5 Bxc5 8. O-O
d5 9. b4 Bd6 10. Bb2 Qc7 11. h3 Nbd7 12. Qd2 Rc8 13. Rab1 O-O 14. Rfc1 Ne5 15.
Nxe5 Bxe5 16. Ne2 Rfd8 17. Bxe5 Qxe5 18. Rd1 Qg5 19. Rbc1 d4 20. e4 Nxe4 21.
Bxe4 Qxd2 22. Rxd2 Bxe4 23. Rxd4 Rxd4 24. Nxd4 Rc4 25. c3 Kf8 26. Nb3 Rc6 27.
Nc5 Bd5 28. f3 Ke7 29. Kf2 Kd6 30. Ke3 f5 31. Kf4 h6 32. h4 g6 33. Re1 Rc8 34.
Re3 Rg8 35. g4 g5+ 0-1

[Event "Stader SV-Makkabi Rostock"]
[Site "Greifswald"]
[Date "2017.09.09"]
[Round "5.4"]
[White "Ahlf, Nico"]
[Black "Röste, Hugo"]
[Result "1-0"]
[WhiteElo "1606"]
[BlackElo "1358"]
[PlyCount "81"]
[EventDate "2017.??.??"]
[WhiteTeam "Stader SV"]
[BlackTeam "Makkabi Rostock"]

1. d4 Nf6 2. Nf3 g6 3. Bf4 d6 4. e3 Bg7 5. c4 O-O 6. Nc3 Nbd7 7. Be2 a6 8. Qc2
c6 9. O-O-O b5 10. c5 d5 11. h4 Nh5 12. Bh2 Ndf6 13. Ne5 Bf5 14. Qd2 Qc8 15. f3
Nd7 16. Nxd7 Bxd7 17. g4 Nf6 18. Rdg1 a5 19. Be5 a4 20. g5 Nh5 21. Bxg7 Nxg7
22. f4 a3 23. b3 b4 24. Nd1 Rb8 25. h5 Nf5 26. hxg6 fxg6 27. Qe1 Kg7 28. Rh2
Rh8 29. Rgh1 Qd8 30. Rg2 Qc8 31. Kd2 e6 32. Nf2 h5 33. gxh6+ Rxh6 34. Rxh6 Nxh6
35. Bh5 Be8 36. Qg1 Rb7 37. Bxg6 Bxg6 38. Rxg6+ Kh7 39. Qg5 Qf8 40. Qh5 Re7 41.
Ng4 1-0

[Event "USV Halle-GA Rüdersdorf"]
[Site "Greifswald"]
[Date "2017.09.09"]
[Round "5.1"]
[White "Buller, Ian Joshua"]
[Black "Perekhozhuk, Maksym"]
[Result "1/2-1/2"]
[WhiteElo "1807"]
[BlackElo "1922"]
[PlyCount "81"]
[EventDate "2017.??.??"]
[WhiteTeam "GA Rüdersdorf"]
[BlackTeam "USV Halle"]

1. e4 c5 2. Nf3 d6 3. Bb5+ Bd7 4. Bxd7+ Qxd7 5. c4 Nc6 6. d4 cxd4 7. Nxd4 g6 8.
Be3 Bg7 9. Nc3 Nf6 10. f3 O-O 11. b3 Rac8 12. Qd3 Rfd8 13. O-O e6 14. Nxc6 bxc6
15. Rad1 h6 16. e5 dxe5 17. Qc2 Qc7 18. Qf2 Rxd1 19. Rxd1 a6 20. Bb6 Qb7 21.
Ba5 c5 22. Na4 Qc6 23. Qd2 Bf8 24. Bc3 Qc7 25. Qe1 Rd8 26. Rxd8 Qxd8 27. Bxe5
Be7 28. Qe2 Nd7 29. Bb2 Nb6 30. Nxb6 Qxb6 31. Qe5 f6 32. Qe4 Kg7 33. Qd3 Qa5
34. Qe2 Kf7 35. Bc1 h5 36. Qd2 Qxd2 37. Bxd2 e5 38. Kf2 Ke6 39. Ke3 g5 40. h3
h4 41. Ke4 1/2-1/2

[Event "USV Halle-GA Rüdersdorf"]
[Site "Greifswald"]
[Date "2017.09.09"]
[Round "5.2"]
[White "Paskalev, Vasil"]
[Black "Sperling, Niclas"]
[Result "1-0"]
[WhiteElo "1749"]
[BlackElo "1639"]
[PlyCount "131"]
[EventDate "2017.??.??"]
[WhiteTeam "USV Halle"]
[BlackTeam "GA Rüdersdorf"]

1. d4 d5 2. c4 e6 3. Nc3 Nf6 4. cxd5 exd5 5. Bg5 Be7 6. e3 O-O 7. Bd3 c6 8. Qc2
Nbd7 9. Nge2 Re8 10. O-O Nf8 11. h3 g6 12. Kh1 Ne6 13. Bh4 Ng7 14. f3 Be6 15.
Rad1 Rc8 16. e4 Kh8 17. Bf2 Nd7 18. Nf4 Bd6 19. Bg3 Be7 20. Qb3 Nb6 21. Bb1 Qd7
22. Rfe1 Rcd8 23. a4 Bg5 24. Nxe6 Nxe6 25. a5 Nc4 26. Bd3 Nxd4 27. Qb4 Be7 28.
Qa4 b5 29. axb6 axb6 30. Bxc4 b5 31. Qa2 Nc2 32. Bb3 Nxe1 33. Rxe1 Bf6 34. exd5
Rxe1+ 35. Bxe1 Bxc3 36. Bxc3+ Kg8 37. dxc6 Qxc6 38. Bxf7+ Kf8 39. Qe6 Rd1+ 40.
Kh2 Qc7+ 41. Be5 Qxf7 42. Qc8+ Qe8 43. Qc5+ Kg8 44. Bc3 Rd8 45. Qb6 Qd7 46. Be5
Qd5 47. Qf6 Rd7 48. Qh8+ Kf7 49. f4 Re7 50. Qxh7+ Ke8 51. Qxg6+ Kd7 52. Qf5+
Re6 53. Qf7+ Kd8 54. Qc7+ Ke8 55. Qg7 Re7 56. Qg6+ Kd7 57. Qf5+ Ke8 58. h4 Qb7
59. h5 Rh7 60. Qe6+ Qe7 61. Qxe7+ Kxe7 62. g4 Ke6 63. Kg3 Rd7 64. Kh4 Rd8 65.
h6 Rd7 66. Kh5 1-0

[Event "USV Halle-GA Rüdersdorf"]
[Site "Greifswald"]
[Date "2017.09.09"]
[Round "5.3"]
[White "May, Ben-Iven"]
[Black "Schulemann, Gero"]
[Result "1/2-1/2"]
[WhiteElo "1600"]
[BlackElo "1684"]
[PlyCount "69"]
[EventDate "2017.??.??"]
[WhiteTeam "GA Rüdersdorf"]
[BlackTeam "USV Halle"]

1. e4 e5 2. Nf3 Nc6 3. Bc4 Nf6 4. d3 Bc5 5. O-O d6 6. c3 a6 7. Bb3 h6 8. Nbd2
Ba7 9. Re1 Be6 10. Nf1 Qd7 11. Bc2 O-O 12. Ng3 Rfe8 13. Be3 d5 14. Bxa7 Rxa7
15. Qe2 d4 16. c4 b5 17. b3 Rb8 18. Reb1 b4 19. a4 Qd6 20. Nh4 Ne7 21. Bd1 Bg4
22. Qd2 Bxd1 23. Rxd1 Kh7 24. Nhf5 Nxf5 25. Nxf5 Qe6 26. h3 c5 27. Rf1 Nh5 28.
Kh2 g5 29. g4 Nf4 30. f3 Kg6 31. h4 Rh8 32. h5+ Kh7 33. Rad1 Rd7 34. Rg1 Rc7
35. Rc1 1/2-1/2

[Event "USV Halle-GA Rüdersdorf"]
[Site "Greifswald"]
[Date "2017.09.09"]
[Round "5.4"]
[White "Petrick, Valentin"]
[Black "Eichelbaum, Georg"]
[Result "1-0"]
[WhiteElo "1369"]
[BlackElo "1341"]
[PlyCount "127"]
[EventDate "2017.??.??"]
[WhiteTeam "USV Halle"]
[BlackTeam "GA Rüdersdorf"]

1. e4 e5 2. Nf3 Nc6 3. Bc4 Nf6 4. d3 d6 5. c3 Na5 6. Bb5+ c6 7. Ba4 b5 8. Bc2
c5 9. O-O Be7 10. Nbd2 O-O 11. Re1 Re8 12. Nf1 Bf8 13. Ng3 g6 14. Be3 Bb7 15.
h3 Bg7 16. Qd2 c4 17. Bh6 d5 18. Nf5 gxf5 19. Qg5 Nh5 20. Qxh5 Qf6 21. Bxg7
Qxg7 22. exf5 cxd3 23. f6 Qxf6 24. Bxd3 e4 25. Bxb5 Re7 26. Qg5+ Qxg5 27. Nxg5
h6 28. Nf3 a6 29. Ba4 Nc4 30. Rab1 Kf8 31. Nd4 Re5 32. f4 Rh5 33. Kf2 f5 34.
Bd1 Rh4 35. g3 Nd2 36. gxh4 Nxb1 37. Ba4 Nd2 38. b3 Rc8 39. Rc1 Nf3 40. Nxf3
exf3 41. Bd7 Rc7 42. Bxf5 d4 43. c4 Rf7 44. Bd3 Rxf4 45. Kg3 Rf6 46. Re1 Bc6
47. Kf2 Kf7 48. Be4 Re6 49. Bxc6 Rxc6 50. Kxf3 Rf6+ 51. Ke2 Re6+ 52. Kd2 Rxe1
53. Kxe1 Ke6 54. Kd2 Kd6 55. Kd3 Ke5 56. b4 h5 57. a4 Kf4 58. Kxd4 Kg3 59. c5
Kxh3 60. c6 Kxh4 61. c7 Kg3 62. c8=Q h4 63. b5 h3 64. Qxh3+ 1-0

[Event "Doppelbauer Kiel-Eintracht Berlin"]
[Site "Greifswald"]
[Date "2017.09.09"]
[Round "5.1"]
[White "Zappe, Florian"]
[Black "Arndt, Magnus"]
[Result "0-1"]
[WhiteElo "1699"]
[BlackElo "2055"]
[PlyCount "92"]
[EventDate "2017.??.??"]
[WhiteTeam "Eintracht Berlin"]
[BlackTeam "Doppelbauer Kiel"]

1. d4 Nf6 2. Bg5 Ne4 3. Bf4 d5 4. f3 Nf6 5. Nc3 e6 6. e3 Be7 7. Bd3 a6 8. Bg3
c5 9. dxc5 Bxc5 10. Bf2 Nc6 11. Nge2 O-O 12. O-O b5 13. e4 Bxf2+ 14. Rxf2 d4
15. Nb1 Qb6 16. a4 bxa4 17. Qc1 Rb8 18. Rxa4 Qxb2 19. Qxb2 Rxb2 20. Nd2 Rd8 21.
Nb3 e5 22. Rf1 Be6 23. Nec1 Rb8 24. Nc5 Nb4 25. Nxe6 fxe6 26. Bc4 Kf7 27. Bb3
Nxc2 28. Rf2 d3 29. Bxc2 dxc2 30. Rxa6 Rc8 31. Rd6 Ke7 32. Rdd2 Rc3 33. g3 Nd7
34. Kg2 Nc5 35. h3 g5 36. g4 h6 37. Kh2 Rb1 38. Rxc2 Rxc1 39. Rxc3 Rxc3 40. Kg2
Nd3 41. Rf1 Rc2+ 42. Kg3 Nf4 43. Rf2 Rxf2 44. Kxf2 Nxh3+ 45. Kg3 Nf4 46. Kf2
Kd6 0-1

[Event "Doppelbauer Kiel-Eintracht Berlin"]
[Site "Greifswald"]
[Date "2017.09.09"]
[Round "5.2"]
[White "Günther, Emil"]
[Black "Straßburg, Robin Leonard"]
[Result "1/2-1/2"]
[WhiteElo "1574"]
[BlackElo "1630"]
[PlyCount "70"]
[EventDate "2017.??.??"]
[WhiteTeam "Doppelbauer Kiel"]
[BlackTeam "Eintracht Berlin"]

1. c4 e5 2. Nc3 Nc6 3. g3 g6 4. Bg2 Bg7 5. Nf3 Nge7 6. O-O O-O 7. d3 d6 8. e3
h6 9. h4 Be6 10. a3 Qd7 11. Qc2 Bh3 12. b4 Bxg2 13. Kxg2 f5 14. Bb2 f4 15. Ne4
fxe3 16. fxe3 Nf5 17. Qe2 Rf7 18. g4 Nfe7 19. Nh2 Raf8 20. Rxf7 Rxf7 21. Rf1
Qe8 22. Rxf7 Qxf7 23. Qf3 Nd8 24. Nf1 Ne6 25. Nfg3 Qxf3+ 26. Kxf3 Kf7 27. Bc3
Bf6 28. Nxf6 Kxf6 29. Ne4+ Kf7 30. d4 exd4 31. exd4 d5 32. Nd2 h5 33. gxh5 gxh5
34. cxd5 Nxd5 35. Bb2 b6 1/2-1/2

[Event "Doppelbauer Kiel-Eintracht Berlin"]
[Site "Greifswald"]
[Date "2017.09.09"]
[Round "5.3"]
[White "Schulz, Jannis"]
[Black "Steinbach, Julian"]
[Result "1-0"]
[WhiteElo "1553"]
[BlackElo "1343"]
[PlyCount "39"]
[EventDate "2017.??.??"]
[WhiteTeam "Eintracht Berlin"]
[BlackTeam "Doppelbauer Kiel"]

1. d4 d5 2. Nf3 Nf6 3. e3 Bf5 4. Bd3 Bxd3 5. Qxd3 e6 6. Nbd2 c6 7. O-O Nbd7 8.
c3 Bd6 9. e4 Bc7 10. e5 Ng8 11. Re1 Ne7 12. Nf1 h6 13. Ng3 O-O 14. Nh5 Ng6 15.
Qe3 Qe8 16. Nxg7 Kxg7 17. Qxh6+ Kg8 18. Ng5 Nf6 19. exf6 Bxh2+ 20. Kh1 1-0

[Event "Doppelbauer Kiel-Eintracht Berlin"]
[Site "Greifswald"]
[Date "2017.09.09"]
[Round "5.4"]
[White "Jüngerich, Robin"]
[Black "Schulz, Maximilian"]
[Result "1-0"]
[WhiteElo "986"]
[BlackElo "1505"]
[PlyCount "47"]
[EventDate "2017.??.??"]
[WhiteTeam "Doppelbauer Kiel"]
[BlackTeam "Eintracht Berlin"]

1. d4 d5 2. c4 e6 3. Nf3 f5 4. Bf4 Bd6 5. Bg5 Be7 6. Bf4 Nf6 7. e3 O-O 8. Bd3
c6 9. O-O Ne4 10. c5 Nd7 11. Nbd2 Bf6 12. b4 b6 13. Nb3 Bb7 14. Rc1 b5 15. h3
g5 16. Bh2 g4 17. hxg4 fxg4 18. Nfd2 Nxd2 19. Qxg4+ Bg7 20. Nxd2 Qf6 21. Bf4 e5
22. Bg5 Qf7 23. Qh4 Nf6 24. dxe5 1-0

[Event "Johanneum Eppendorf-SC Kreuzberg"]
[Site "Greifswald"]
[Date "2017.09.09"]
[Round "5.1"]
[White "Dathe, Frederick"]
[Black "Keyser, Philipp"]
[Result "1/2-1/2"]
[WhiteElo "1833"]
[BlackElo "1968"]
[PlyCount "84"]
[EventDate "2017.??.??"]
[WhiteTeam "SC Kreuzberg"]
[BlackTeam "Johanneum Eppendorf"]

1. Nf3 Nf6 2. g3 e6 3. Bg2 d5 4. c4 Be7 5. O-O O-O 6. b3 c5 7. e3 Nc6 8. d4 b6
9. Bb2 Bb7 10. cxd5 Nxd5 11. Nc3 Nxc3 12. Bxc3 Qc7 13. Qc2 Rac8 14. dxc5 bxc5
15. Rac1 Rfd8 16. Rfd1 Qb8 17. Rxd8+ Rxd8 18. Rd1 Nb4 19. Bxb4 cxb4 20. Rxd8+
Bxd8 21. Nd4 Bxg2 22. Kxg2 g6 23. Qc4 Bf6 24. Qb5 Qxb5 25. Nxb5 a6 26. Nd6 Kf8
27. Kf3 Ke7 28. Ne4 Be5 29. Nc5 Bd6 30. Nb7 f5 31. Nxd6 Kxd6 32. Ke2 Kd5 33.
Kd3 g5 34. f3 h5 35. e4+ Ke5 36. Ke3 fxe4 37. fxe4 h4 38. Kd3 a5 39. Ke3 hxg3
40. hxg3 g4 41. Kd3 Kd6 42. Kd4 e5+ 1/2-1/2